00617nam a22001697a 4500003001000000005001700010008004100027020001500068040000900083082001900092100002100111245008800132260003500220300005300255500013200308650000700440NUST-PNEC20170116180722.0141028b xxu||||| |||| 00| 0 eng d a0080221580 cPNEC a620.110321 BEV aBever Michael B. aEncyclopedia of materials science and engineering Volume 7. T - ZcMichael B. Bever aOxford : bPergamon, cc.1986. aV S., S. 4849 - 5551bIll., graph. Darstc25 cm. ahttps://www.worldcat.org/title/encyclopedia-of-materials-science-and-engineering-vol-7-t-z/oclc/721519081&referer=brief_results xME